[Event "7. Bayerische Meisterschaft 2003"]
[Site "Bad Wiessee"]
[Date "2003.11.10"]
[Round "3"]
[White "Rozentalis, Eduardas"]
[Black "Koscielski, Janusch"]
[Result "1-0"]
[WhiteElo "2633"]
[BlackElo "2312"]
[PlyCount "99"]
[EventDate "2003.11.08"]

1. e4 c5 2. Nf3 d6 3. Bb5+ Nd7 4. O-O Ngf6 5. Re1 a6 6. Bf1 b6 7. c4 Bb7 8. Nc3
Ne5 9. Nxe5 dxe5 10. d3 e6 11. Qf3 Bd6 12. a3 O-O 13. Rb1 Nd7 14. b4 f5 15. Qh3
Kh8 16. exf5 exf5 17. Be2 e4 18. dxe4 fxe4 19. Be3 Qc7 20. Red1 Nf6 21. bxc5
Bxc5 22. Na4 Bc8 23. Qg3 Qxg3 24. hxg3 Bxe3 25. fxe3 Bg4 26. Bxg4 Nxg4 27. Nxb6
Nxe3 28. Re1 Nc2 29. Nxa8 Nxe1 30. Rxe1 Rxa8 31. Rxe4 Kg8 32. Kf2 Kf7 33. Ke3
Rb8 34. Kd4 Rb2 35. c5 Rxg2 36. c6 Rc2 37. Kd5 h5 38. Re3 g5 39. Kd6 h4 40.
gxh4 gxh4 41. c7 Rd2+ 42. Kc6 Rc2+ 43. Kb7 Rb2+ 44. Kxa6 Rc2 45. Kb7 Rb2+ 46.
Kc8 Kf6 47. Rd3 Ke7 48. Rh3 Ra2 49. Rxh4 Rxa3 50. Rb4 1-0

[Event "7. Bayerische Meisterschaft 2003"]
[Site "Bad Wiessee"]
[Date "2003.11.10"]
[Round "3"]
[White "Levushkina, Elena"]
[Black "Khenkin, Igor"]
[Result "0-1"]
[WhiteElo "2308"]
[BlackElo "2627"]
[PlyCount "98"]
[EventDate "2003.11.08"]

1. e4 c6 2. d4 d5 3. exd5 cxd5 4. c4 Nf6 5. Nc3 e6 6. Nf3 Bb4 7. cxd5 Nxd5 8.
Bd2 Nc6 9. Bd3 Be7 10. O-O O-O 11. a3 Nf6 12. Bg5 b6 13. Bc2 Bb7 14. Qd3 g6 15.
Rfe1 Re8 16. Rad1 Nd5 17. Bxe7 Ncxe7 18. Ne4 Nf5 19. Bb3 Kg7 20. Ne5 Qe7 21.
Qd2 h6 22. Ng4 Red8 23. Ng3 Qg5 24. Qe2 h5 25. Bxd5 Rxd5 26. Nxf5+ Rxf5 27. Ne3
Rf4 28. Qd2 Qf6 29. Nc2 h4 30. Re3 Qg5 31. Ne1 Rd8 32. Qc3 Qf6 33. Nf3 h3 34.
d5 Rxd5 35. Qxf6+ Kxf6 36. Rxd5 Bxd5 37. Ne1 hxg2 38. f3 g5 39. Kxg2 g4 40. Kg3
gxf3 41. Nd3 Rf5 42. h4 e5 43. Nf2 Kg6 44. Ng4 f6 45. Rc3 Rf4 46. Nf2 Rd4 47.
Rc7 Rd2 48. Rd7 f5 49. Rd8 f4+ 0-1

[Event "7. Bayerische Meisterschaft 2003"]
[Site "Bad Wiessee"]
[Date "2003.11.10"]
[Round "3"]
[White "Eingorn, Vereslavs"]
[Black "Gasthofer, Viktor"]
[Result "0-1"]
[WhiteElo "2607"]
[BlackElo "2295"]
[PlyCount "71"]
[EventDate "2003.11.08"]

1. d4 e6 2. c4 d5 3. Nc3 Nf6 4. cxd5 Nxd5 5. e4 Nxc3 6. bxc3 c5 7. Rb1 Be7 8.
Bb5+ Nd7 9. Nf3 O-O 10. O-O Nf6 11. Bd3 b6 12. Qc2 h6 13. Qe2 Bb7 14. e5 Nd7
15. Bc2 Re8 16. Qd3 Nf8 17. Ba4 Qc7 18. Bxe8 Rxe8 19. dxc5 Qxc5 20. Re1 Rd8 21.
Qb5 Qxc3 22. Bb2 Qc2 23. Qb3 Qg6 24. Rbd1 Bd5 25. Qd3 Be4 26. Qe2 Bd3 27. Qe3
Bb4 28. Nd4 Bxe1 29. Rxe1 Rc8 30. f3 Ba6 31. Ba3 Nd7 32. Bd6 Qd3 33. Qxd3 Bxd3
34. a4 Rc4 35. Nb5 Rxa4 36. Nc7 0-1

[Event "7. Bayerische Meisterschaft 2003"]
[Site "Bad Wiessee"]
[Date "2003.11.10"]
[Round "3"]
[White "Schuette, Manfred"]
[Black "Fridman, Daniel"]
[Result "1-0"]
[WhiteElo "2291"]
[BlackElo "2592"]
[PlyCount "99"]
[EventDate "2003.11.08"]

1. c4 e5 2. Nc3 Nf6 3. Nf3 Nc6 4. e3 Be7 5. d4 exd4 6. Nxd4 O-O 7. Be2 Bb4 8.
O-O Bxc3 9. bxc3 Re8 10. f3 Ne5 11. e4 d6 12. Be3 b6 13. a4 Ba6 14. Qb3 Nfd7
15. Rfd1 Nc5 16. Qb4 Nb7 17. Nb5 Qe7 18. Bf4 f6 19. Bg3 Na5 20. f4 c5 21. Qb1
Nexc4 22. Qa2 Bxb5 23. axb5 Qf7 24. Bf3 Rad8 25. Rd3 Kf8 26. Rad1 Ne5 27. Rd5
Nec4 28. Qf2 Na3 29. Qe2 Qd7 30. Rxd6 Qxd6 31. Rxd6 Rxd6 32. f5 Rdd8 33. e5
fxe5 34. Bh5 N5c4 35. Bxe8 Rxe8 36. Qe4 Nd6 37. Qd5 Nac4 38. Bh4 e4 39. Bg3 Rd8
40. Qe6 e3 41. h3 e2 42. Qxe2 Na5 43. Qe6 Nf7 44. f6 gxf6 45. Qxf6 Nc4 46. Bf4
Rd1+ 47. Kh2 Nd2 48. Bh6+ Ke8 49. Qe6+ Kd8 50. Bxd2 1-0

[Event "7. Bayerische Meisterschaft 2003"]
[Site "Bad Wiessee"]
[Date "2003.11.10"]
[Round "3"]
[White "Braunschlaeger, Claus"]
[Black "Luther, Thomas"]
[Result "0-1"]
[WhiteElo "2257"]
[BlackElo "2580"]
[PlyCount "58"]
[EventDate "2003.11.08"]

1. e4 c6 2. d4 d5 3. Nc3 dxe4 4. Nxe4 Bf5 5. Ng3 Bg6 6. h4 h6 7. Nh3 e6 8. Nf4
Bh7 9. Bc4 Nf6 10. c3 Bd6 11. Nfh5 Bxg3 12. Nxg7+ Ke7 13. fxg3 Qg8 14. Qb3 Qxg7
15. Qxb7+ Nbd7 16. Bf4 Rhc8 17. O-O Kf8 18. Rae1 Kg8 19. Bd6 Bf5 20. Rf2 Qg6
21. Ba6 Nb6 22. Rf3 Ne8 23. Bf4 Nd5 24. Qd7 e5 25. Bxc8 Bxd7 26. Bxd7 exf4 27.
Bxe8 Rd8 28. h5 Qf6 29. Kf2 Kf8 0-1

[Event "7. Bayerische Meisterschaft 2003"]
[Site "Bad Wiessee"]
[Date "2003.11.10"]
[Round "3"]
[White "Atalik, Suat"]
[Black "Schippan, Bernd"]
[Result "1-0"]
[WhiteElo "2570"]
[BlackElo "2269"]
[PlyCount "125"]
[EventDate "2003.11.08"]

1. d4 f5 2. Nf3 Nf6 3. Bg5 e6 4. e3 d5 5. c4 c6 6. Nc3 Bd6 7. Bd3 O-O 8. O-O
Qe8 9. Bf4 Bxf4 10. exf4 Ne4 11. Re1 Nd7 12. Qb3 Kh8 13. Re3 Ndf6 14. Ne5 c5
15. dxc5 Nxc5 16. Qa3 d4 17. Qxc5 dxe3 18. Nb5 exf2+ 19. Qxf2 Qe7 20. Nxa7 Nd7
21. Nb5 Nc5 22. Bc2 Bd7 23. Nd4 Be8 24. Re1 Rxa2 25. Nxf5 Qc7 26. Bb1 Ra1 27.
Nd4 Qb6 28. b4 Nd7 29. c5 Qxb4 30. Nc2 Qxb1 31. Nxa1 Qb5 32. Nxd7 Bxd7 33. Nc2
Rc8 34. Re5 Qb1+ 35. Ne1 Qc1 36. Qd4 Bc6 37. Rxe6 Qb1 38. h3 Re8 39. Rxe8+ Bxe8
40. Qe5 Qg6 41. Nf3 h6 42. Nh4 Qf7 43. Nf5 Bc6 44. Ne7 Bd7 45. Qd6 Qe8 46. Ng6+
Kg8 47. f5 Bc8 48. Kf2 Bd7 49. g4 Bc6 50. Ne7+ Kh8 51. Qe6 Qb8 52. Qc8+ Qxc8
53. Nxc8 Bh1 54. Ne7 g5 55. f6 Kh7 56. Kg3 Be4 57. h4 Kh8 58. h5 Kh7 59. Kf2
Bc2 60. Ke3 Bd1 61. Kd4 Bxg4 62. f7 Kg7 63. Ng6 1-0

[Event "7. Bayerische Meisterschaft 2003"]
[Site "Bad Wiessee"]
[Date "2003.11.10"]
[Round "3"]
[White "Gavrikov, Viktor"]
[Black "Deglmann, Ludwig"]
[Result "1-0"]
[WhiteElo "2560"]
[BlackElo "2263"]
[PlyCount "59"]
[EventDate "2003.11.08"]

1. c4 f5 2. g3 Nf6 3. Nf3 g6 4. b4 Bg7 5. Bb2 d6 6. d4 e5 7. dxe5 Nfd7 8. Qb3
Nxe5 9. Bg2 a5 10. Nxe5 dxe5 11. b5 a4 12. Qc2 O-O 13. O-O e4 14. Bxg7 Kxg7 15.
Nc3 Be6 16. Nxa4 Qe7 17. f3 Qb4 18. Qb2+ Qxb2 19. Nxb2 Rd8 20. fxe4 Rd2 21.
exf5 Bxf5 22. Nd3 Rxe2 23. Nc5 Raxa2 24. Rxa2 Rxa2 25. Bxb7 Rc2 26. Bd5 c6 27.
Ne6+ Bxe6 28. Bxe6 cxb5 29. Rf7+ Kh6 30. cxb5 1-0

[Event "7. Bayerische Meisterschaft 2003"]
[Site "Bad Wiessee"]
[Date "2003.11.10"]
[Round "3"]
[White "Berelovich, Aleksandar"]
[Black "Moeldner, Juergen"]
[Result "1-0"]
[WhiteElo "2540"]
[BlackElo "2263"]
[PlyCount "77"]
[EventDate "2003.11.08"]

1. e4 e5 2. Nf3 Nf6 3. Nxe5 d6 4. Nf3 Nxe4 5. d4 d5 6. Bd3 Bd6 7. O-O O-O 8. c4
c6 9. cxd5 cxd5 10. Nc3 Nxc3 11. bxc3 Bg4 12. Rb1 Nd7 13. h3 Bxf3 14. Qxf3 Nb6
15. Bd2 Qd7 16. h4 Rab8 17. h5 f5 18. h6 g6 19. Rxb6 axb6 20. Qxd5+ Rf7 21. Bc4
Rd8 22. g3 Bb8 23. Qxf7+ Qxf7 24. Bxf7+ Kxf7 25. Rb1 Bc7 26. Bf4 Bxf4 27. gxf4
Rd6 28. Kg2 Ke6 29. Rb5 Kd7 30. d5 Ke7 31. Kg3 Kd8 32. Kh4 Kc7 33. Kg5 Kc8 34.
c4 Kd8 35. a4 Kc8 36. Rb3 Kc7 37. Re3 Kd8 38. Re5 Kd7 39. Kh4 1-0

[Event "7. Bayerische Meisterschaft 2003"]
[Site "Bad Wiessee"]
[Date "2003.11.10"]
[Round "3"]
[White "Rotstein, Arkadij"]
[Black "Hellmayr, Alois"]
[Result "0-1"]
[WhiteElo "2533"]
[BlackElo "2256"]
[PlyCount "147"]
[EventDate "2003.11.08"]

1. Nf3 Nf6 2. c4 e6 3. g3 b6 4. Bg2 Bb7 5. O-O c5 6. Nc3 Be7 7. Re1 d6 8. e4 a6
9. d4 cxd4 10. Nxd4 Qc7 11. Be3 O-O 12. f4 Re8 13. Bf2 Bf8 14. Rc1 Nbd7 15. Nd5
Qd8 16. Nxf6+ Nxf6 17. Nb3 Nd7 18. Qe2 Qc7 19. Red1 Rac8 20. Rc3 Qc6 21. g4 g6
22. g5 Bg7 23. Rcc1 e5 24. f5 gxf5 25. Rd5 f4 26. Qd1 Re6 27. h4 Qc7 28. Bh3
Rg6 29. Bf5 Bf8 30. Bxg6 hxg6 31. h5 Qd8 32. Qg4 Bxd5 33. exd5 Be7 34. hxg6
fxg6 35. Nd2 b5 36. Rc3 Nf8 37. Rh3 bxc4 38. Ne4 Rb8 39. Qh4 Rxb2 40. Qh8+ Kf7
41. Rh7+ Nxh7 42. Qxh7+ Ke8 43. Qxg6+ Kd7 44. Nc5+ Kc8 45. Qe6+ Kb8 46. g6 Rb1+
47. Kg2 f3+ 48. Kxf3 Qf8+ 49. Kg2 dxc5 50. Qxe5+ Ka8 51. g7 Qf7 52. Qxe7 Qxe7
53. g8=Q+ Rb8 54. Qg6 Qb7 55. Qd6 c3 56. Be3 c2 57. Kf2 Re8 58. Qxc5 Rc8 59.
Qa3 Qb5 60. Qe7 Qb7 61. Qa3 Rd8 62. Qc5 Rxd5 63. Qxc2 Rb5 64. Qg6 Rb2+ 65. Kg1
Rb1+ 66. Kf2 Qb2+ 67. Kg3 Qb8+ 68. Kf3 Qb7+ 69. Kf2 Rb2+ 70. Kg1 Qc8 71. Qe4+
Rb7 72. a4 Qg8+ 73. Kf2 Qf7+ 74. Kg3 0-1

[Event "7. Bayerische Meisterschaft 2003"]
[Site "Bad Wiessee"]
[Date "2003.11.10"]
[Round "3"]
[White "Ehrke, Michael"]
[Black "Hertneck, Gerald"]
[Result "0-1"]
[WhiteElo "2223"]
[BlackElo "2524"]
[PlyCount "128"]
[EventDate "2003.11.08"]

1. d4 e6 2. Nf3 f5 3. Bf4 Nf6 4. e3 b6 5. Be2 Bb7 6. Nbd2 Be7 7. h3 O-O 8. O-O
a5 9. a4 Na6 10. c3 h6 11. Ne5 Qe8 12. Bf3 Bd5 13. Bh2 d6 14. Bxd5 exd5 15. Nd3
Kh7 16. b4 Nb8 17. b5 Nbd7 18. c4 dxc4 19. Nxc4 Qf7 20. Rc1 Rae8 21. Nd2 Bd8
22. Qb3 Qxb3 23. Nxb3 g5 24. Nd2 Nd5 25. Nb1 f4 26. exf4 gxf4 27. Rfe1 Rxe1+
28. Nxe1 N7f6 29. Nc3 Nxc3 30. Rxc3 Nd5 31. Rc1 Re8 32. Kf1 Kg6 33. Nf3 Kf5 34.
Ng1 Bf6 35. Ne2 Bg5 36. Re1 Rc8 37. g4+ fxg3 38. Nxg3+ Kg6 39. Ne4 Bf4 40. Bxf4
Nxf4 41. Rc1 Re8 42. Ng3 Re7 43. h4 Rf7 44. Rc2 Nd5 45. Kg2 Rf4 46. h5+ Kg5 47.
Rc4 Kg4 48. Nf1 Kxh5 49. Ne3 Nxe3+ 50. fxe3 Rf7 51. e4 Kg4 52. Rc3 Rh7 53. e5
dxe5 54. dxe5 Kf5 55. Rc6 Kxe5 56. Kh3 Rd7 57. Kg3 h5 58. Kh3 Rg7 59. Kh2 Kd4
60. Kh3 Kd5 61. Kh2 h4 62. Kh3 Rh7 63. Kg2 h3+ 64. Kh2 Ke5 0-1

[Event "7. Bayerische Meisterschaft 2003"]
[Site "Bad Wiessee"]
[Date "2003.11.10"]
[Round "3"]
[White "Schmaltz, Roland"]
[Black "Struk, Jerzy"]
[Result "1-0"]
[WhiteElo "2519"]
[BlackElo "2236"]
[PlyCount "82"]
[EventDate "2003.11.08"]

1. e4 c5 2. Nf3 Nc6 3. d4 cxd4 4. Nxd4 g6 5. Nb3 Bg7 6. Be2 d6 7. O-O Nf6 8.
Nc3 O-O 9. Re1 a5 10. a4 Be6 11. Bf1 Bxb3 12. cxb3 e6 13. Bg5 h6 14. Be3 Nb4
15. Qe2 Rc8 16. Rad1 d5 17. Qb5 Ng4 18. Bb6 Qd6 19. g3 Rc6 20. Bxa5 Nc2 21. Qe2
Nxe1 22. Qxg4 f5 23. Qe2 Nf3+ 24. Qxf3 fxe4 25. Qe2 Qc5 26. Nb5 Qc2 27. Bc3
Qxb3 28. Bxg7 Kxg7 29. Nd4 Qxa4 30. b3 Qa3 31. Bh3 Rf6 32. Nxc6 bxc6 33. Qc2
Qa7 34. Qd2 h5 35. b4 Qf7 36. Qd4 Kh6 37. Ra1 e5 38. Qxe5 Qf8 39. Qd4 Rf7 40.
b5 cxb5 41. Be6 Re7 1-0

[Event "7. Bayerische Meisterschaft 2003"]
[Site "Bad Wiessee"]
[Date "2003.11.10"]
[Round "3"]
[White "Trabert, Bettina"]
[Black "Doettling, Fabian"]
[Result "0-1"]
[WhiteElo "2222"]
[BlackElo "2519"]
[PlyCount "86"]
[EventDate "2003.11.08"]

1. e4 c6 2. d4 d5 3. exd5 cxd5 4. c4 Nf6 5. Nc3 e6 6. Nf3 Bb4 7. cxd5 Nxd5 8.
Bd2 Nc6 9. Bd3 O-O 10. O-O Be7 11. Qe2 Nf6 12. Be3 Nb4 13. Bc4 b6 14. Ne5 Bb7
15. a3 Nbd5 16. Nxd5 Nxd5 17. Rad1 Rc8 18. Ba2 Bd6 19. Qh5 Nxe3 20. fxe3 Rc2
21. Rf2 Rxf2 22. Kxf2 Qc7 23. Bb1 g6 24. Qh6 Bxe5 25. dxe5 Qxe5 26. Rd4 Rc8 27.
Qf4 Qxf4+ 28. exf4 Rc1 29. Bd3 Rd1 30. Ke3 Bxg2 31. Rd8+ Kg7 32. Rc8 Bd5 33.
Rc7 a5 34. Bb5 Re1+ 35. Kf2 Re4 36. Kg3 Re3+ 37. Kg4 Be4 38. f5 Bxf5+ 39. Kf4
Re4+ 40. Kf3 e5 41. Rb7 Rf4+ 42. Ke3 Rh4 43. Rxb6 Rh3+ 0-1

[Event "7. Bayerische Meisterschaft 2003"]
[Site "Bad Wiessee"]
[Date "2003.11.10"]
[Round "3"]
[White "Naumann, Alexander"]
[Black "Albrecht, Rainer"]
[Result "1-0"]
[WhiteElo "2518"]
[BlackElo "2231"]
[PlyCount "79"]
[EventDate "2003.11.08"]

1. Nf3 Nf6 2. c4 d6 3. d4 Nbd7 4. Nc3 c6 5. e4 e5 6. Be2 Be7 7. O-O O-O 8. Be3
a6 9. d5 cxd5 10. cxd5 Ng4 11. Bd2 b5 12. Ne1 Ngf6 13. Nd3 Nc5 14. Nxc5 dxc5
15. Qc2 c4 16. Nd1 Bd7 17. b3 cxb3 18. axb3 a5 19. Nb2 Qb6 20. Be3 Qb8 21. f3
Rc8 22. Qb1 Rc3 23. Nd3 Bd8 24. Kh1 b4 25. Bd2 Rc8 26. Nb2 Ne8 27. Nc4 f6 28.
f4 Bc7 29. fxe5 Bxe5 30. Nxe5 Qxe5 31. Bf4 Qe7 32. Bd3 Nd6 33. Re1 g5 34. e5
gxf4 35. exd6 Qxd6 36. Bxh7+ Kh8 37. Qg6 Ra6 38. Bg8 Bf5 39. Qxf5 Rxg8 40. Re6
1-0

[Event "7. Bayerische Meisterschaft 2003"]
[Site "Bad Wiessee"]
[Date "2003.11.10"]
[Round "3"]
[White "Galdunts, Sergey"]
[Black "Heinz, Axel"]
[Result "1-0"]
[WhiteElo "2496"]
[BlackElo "2222"]
[PlyCount "87"]
[EventDate "2003.11.08"]

1. e4 c5 2. Nf3 e6 3. Nc3 a6 4. g3 b5 5. Bg2 Bb7 6. d4 cxd4 7. Nxd4 Nf6 8. Qe2
Nc6 9. Nxc6 Bxc6 10. O-O d6 11. Re1 Nd7 12. Bf4 Ne5 13. Rad1 Qb8 14. b3 Ng6 15.
Bc1 Be7 16. h4 b4 17. Nb1 O-O 18. c4 bxc3 19. Nxc3 Bf6 20. Bb2 h6 21. h5 Ne5
22. f4 Nd7 23. Qd2 Rd8 24. Qe3 Qb7 25. Ba3 Bxc3 26. Qxc3 Nf6 27. Rd4 Rac8 28.
Qd2 Nxh5 29. Kh2 Nf6 30. Bf3 Rd7 31. g4 e5 32. Rb4 Qa8 33. g5 hxg5 34. fxg5 Nh7
35. Bg4 Nf8 36. Bxd7 Bxd7 37. Rc4 Rxc4 38. bxc4 Bc6 39. Qxd6 Ng6 40. Rb1 Kh7
41. Rb8 Qa7 42. Bc5 Qd7 43. Qxd7 Bxd7 44. Bd6 1-0

[Event "7. Bayerische Meisterschaft 2003"]
[Site "Bad Wiessee"]
[Date "2003.11.10"]
[Round "3"]
[White "Wegerer, Fred"]
[Black "Stern, Rene"]
[Result "1/2-1/2"]
[WhiteElo "2217"]
[BlackElo "2484"]
[PlyCount "96"]
[EventDate "2003.11.08"]

1. Nf3 d5 2. d4 Nf6 3. e3 e6 4. Nbd2 b6 5. Bd3 Bb7 6. Ne5 Nfd7 7. f4 Nxe5 8.
fxe5 Qh4+ 9. g3 Qh3 10. Qe2 Be7 11. Nf3 g5 12. Bd2 Nc6 13. O-O-O O-O-O 14. Rdf1
Rhf8 15. Rf2 f6 16. exf6 Bxf6 17. Rhf1 Qh6 18. Bb5 a5 19. c3 Qg7 20. Ne1 Kb8
21. Qg4 Na7 22. Bd3 h6 23. Nf3 Bc8 24. Qh5 Bd7 25. Ne1 Nc8 26. Qg6 Qxg6 27.
Bxg6 Bg7 28. Nd3 Ne7 29. Bh5 Rxf2 30. Rxf2 Rf8 31. Rxf8+ Bxf8 32. Ne5 Kc8 33.
Bf3 Be8 34. e4 Bg7 35. exd5 exd5 36. Bg4+ Kd8 37. Nf3 Bg6 38. h4 gxh4 39. Nxh4
Be4 40. Be6 a4 41. Bf4 c6 42. b3 axb3 43. axb3 c5 44. dxc5 bxc5 45. Kd2 Nc6 46.
Nf5 Bxf5 47. Bxf5 d4 48. cxd4 Nxd4 1/2-1/2

[Event "7. Bayerische Meisterschaft 2003"]
[Site "Bad Wiessee"]
[Date "2003.11.10"]
[Round "3"]
[White "Handke, Florian"]
[Black "De Francesco, Klaus"]
[Result "0-1"]
[WhiteElo "2476"]
[BlackElo "2214"]
[PlyCount "78"]
[EventDate "2003.11.08"]

1. d4 d5 2. c4 c6 3. Nf3 Nf6 4. Nc3 Bf5 5. Qb3 Qb6 6. c5 Qc7 7. Bf4 Qc8 8. h3
h6 9. e3 Nbd7 10. g4 Bh7 11. Be2 e6 12. Rc1 Be7 13. Qa4 Ne4 14. b4 a6 15. Nd1
Bd8 16. h4 g5 17. hxg5 hxg5 18. Bd6 Nxd6 19. cxd6 Bf6 20. Nb2 e5 21. dxe5 Nxe5
22. Nd4 Kf8 23. Qd1 Qd8 24. f4 gxf4 25. exf4 Qxd6 26. Qd2 Ng6 27. Rf1 Ne7 28.
f5 Rg8 29. Qh6+ Ke8 30. Nd3 Qg3+ 31. Kd1 Bxd4 32. Rf3 Qxg4 33. f6 Be4 34. Rf1
Qg6 35. Qd2 Nf5 36. Nf4 Qg3 37. Nxd5 cxd5 38. Rxf5 Bxf5 39. Rc7 Qxc7 0-1

[Event "7. Bayerische Meisterschaft 2003"]
[Site "Bad Wiessee"]
[Date "2003.11.10"]
[Round "3"]
[White "Jaeschke, Benno"]
[Black "Shaw, John"]
[Result "0-1"]
[WhiteElo "2213"]
[BlackElo "2465"]
[PlyCount "97"]
[EventDate "2003.11.08"]

1. d4 d5 2. c4 c6 3. Nf3 Nf6 4. Nc3 dxc4 5. a4 Bf5 6. e3 e6 7. Bxc4 Bb4 8. O-O
O-O 9. Qe2 Bg6 10. Ne5 Nbd7 11. Nxg6 hxg6 12. Rd1 Qa5 13. Bd2 Rad8 14. Qe1 e5
15. Ne2 Bxd2 16. Qxd2 Qxd2 17. Rxd2 exd4 18. Nxd4 Ne5 19. Rc2 Nxc4 20. Rxc4 Rd5
21. Kf1 Rfd8 22. Ke2 c5 23. Nf3 b6 24. Rac1 Nd7 25. R4c2 Kf8 26. Rd1 Rxd1 27.
Kxd1 Ne5+ 28. Ke2 Nxf3 29. Kxf3 Rd1 30. a5 Ke7 31. axb6 axb6 32. h4 Kd6 33. Ke2
Rg1 34. Rd2+ Kc6 35. g3 b5 36. e4 c4 37. e5 Rb1 38. f4 b4 39. Kf3 b3 40. Kg4
Kc5 41. Kg5 Kb4 42. Rd7 Rxb2 43. Rxf7 Re2 44. Rb7+ Ka3 45. Kxg6 c3 46. Rc7 c2
47. Kxg7 b2 48. Ra7+ Kb3 49. Rb7+ 0-1

[Event "7. Bayerische Meisterschaft 2003"]
[Site "Bad Wiessee"]
[Date "2003.11.10"]
[Round "3"]
[White "Mainka, Romuald"]
[Black "Claassen, Joerg"]
[Result "1-0"]
[WhiteElo "2459"]
[BlackElo "2205"]
[PlyCount "61"]
[EventDate "2003.11.08"]

1. e4 d5 2. exd5 Qxd5 3. Nc3 Qa5 4. d4 c6 5. Nf3 Nf6 6. Bc4 Bf5 7. Bd2 e6 8.
Nd5 Qd8 9. Nxf6+ gxf6 10. c3 Qc7 11. Qe2 Nd7 12. Nh4 Bg6 13. g3 Bd6 14. O-O
O-O-O 15. b4 f5 16. b5 c5 17. a4 f4 18. a5 Rhg8 19. b6 axb6 20. a6 Kb8 21. axb7
Qxb7 22. Ba6 Qe4 23. Nxg6 Qxe2 24. Bxe2 hxg6 25. Bf3 Rc8 26. dxc5 Bxc5 27.
Bxf4+ e5 28. Rfd1 Rgd8 29. Ra8+ Kc7 30. Ra7+ Kb8 31. Rb7+ 1-0

[Event "7. Bayerische Meisterschaft 2003"]
[Site "Bad Wiessee"]
[Date "2003.11.10"]
[Round "3"]
[White "Babar, Michael"]
[Black "Breder, Dennis"]
[Result "0-1"]
[WhiteElo "2201"]
[BlackElo "2458"]
[PlyCount "31"]
[EventDate "2003.11.08"]

1. e4 c5 2. c3 d5 3. exd5 Qxd5 4. d4 Nc6 5. dxc5 Qxd1+ 6. Kxd1 e5 7. Be3 Nf6 8.
f3 Nd5 9. Bf2 Bf5 10. Nd2 O-O-O 11. Ke1 Be7 12. Ne4 Bxe4 13. fxe4 Nf6 14. Bc4
Nxe4 15. Nh3 Rhf8 16. Rf1 0-1

[Event "7. Bayerische Meisterschaft 2003"]
[Site "Bad Wiessee"]
[Date "2003.11.10"]
[Round "3"]
[White "Baldauf, Marco"]
[Black "Papa, Severin"]
[Result "0-1"]
[WhiteElo "2131"]
[BlackElo "2401"]
[PlyCount "58"]
[EventDate "2003.11.08"]

1. e4 g6 2. d4 Bg7 3. Nc3 c6 4. Nf3 d6 5. Be3 Nf6 6. h3 O-O 7. Bd3 Nbd7 8. O-O
e5 9. dxe5 dxe5 10. Ne2 Qe7 11. Ng3 Nc5 12. Qe2 Nfd7 13. Rad1 b5 14. c3 Nb6 15.
Bb1 h6 16. h4 Bg4 17. h5 Ne6 18. Qc2 Nf4 19. Qc1 Bxf3 20. gxf3 Qh4 21. Bxf4
exf4 22. Ne2 Qg5+ 23. Kh2 Qxh5+ 24. Kg2 Be5 25. Rh1 Qg5+ 26. Kh2 h5 27. Nd4 Qf6
28. Rdg1 Rad8 29. Qc2 Nc4 0-1

[Event "7. Bayerische Meisterschaft 2003"]
[Site "Bad Wiessee"]
[Date "2003.11.10"]
[Round "3"]
[White "Zude, Arno"]
[Black "Popow, Alexander"]
[Result "1-0"]
[WhiteElo "2382"]
[BlackElo "2131"]
[PlyCount "57"]
[EventDate "2003.11.08"]

1. e4 c5 2. Nf3 Nc6 3. d4 cxd4 4. Nxd4 e6 5. Nb5 d6 6. c4 a6 7. N5c3 g6 8. Bf4
e5 9. Be3 f5 10. Nd5 Rb8 11. Nbc3 f4 12. Bb6 Qd7 13. g3 Bg7 14. h4 fxg3 15.
fxg3 Qg4 16. Qxg4 Bxg4 17. Bc7 Rc8 18. Bxd6 Nd4 19. Bd3 Nf6 20. O-O Nh5 21. Kg2
Kd7 22. c5 Rce8 23. Nb6+ Kd8 24. Rf7 Ref8 25. Rxb7 Bf3+ 26. Kh2 Ke8 27. Re7+
Kd8 28. Ncd5 Bg4 29. Bc7# 1-0

[Event "7. Bayerische Meisterschaft 2003"]
[Site "Bad Wiessee"]
[Date "2003.11.10"]
[Round "3"]
[White "Cnossen, Wiebe"]
[Black "Reefschlaeger, Helmut"]
[Result "1/2-1/2"]
[WhiteElo "2151"]
[BlackElo "2310"]
[PlyCount "35"]
[EventDate "2003.11.08"]

1. Nf3 d5 2. d4 e6 3. c4 c6 4. Qc2 dxc4 5. Qxc4 b5 6. Qc2 Bb7 7. e4 Nd7 8. Nc3
a6 9. Be2 Ngf6 10. O-O h6 11. Bf4 Be7 12. Rad1 O-O 13. Rfe1 Qb6 14. Bf1 Rfe8
15. h3 Rad8 16. a3 c5 17. dxc5 Qxc5 18. b4 1/2-1/2

[Event "7. Bayerische Meisterschaft 2003"]
[Site "Bad Wiessee"]
[Date "2003.11.10"]
[Round "3"]
[White "Holzapfel, Daniel"]
[Black "Baeuml, Ulrich"]
[Result "1/2-1/2"]
[WhiteElo "2305"]
[BlackElo "2132"]
[PlyCount "31"]
[EventDate "2003.11.08"]

1. d4 Nf6 2. Nf3 c5 3. d5 g6 4. Nc3 Bg7 5. e4 d6 6. Be2 O-O 7. O-O e6 8. Bg5 h6
9. Bh4 exd5 10. exd5 a6 11. a4 Bg4 12. Re1 Nbd7 13. Bg3 Qc7 14. h3 Bxf3 15.
Bxf3 Rfe8 16. Qd2 1/2-1/2

[Event "7. Bayerische Meisterschaft 2003"]
[Site "Bad Wiessee"]
[Date "2003.11.10"]
[Round "3"]
[White "Muster, Frank"]
[Black "Zill, Christoph"]
[Result "1/2-1/2"]
[WhiteElo "2121"]
[BlackElo "2295"]
[PlyCount "47"]
[EventDate "2003.11.08"]

1. Nf3 f5 2. c4 Nf6 3. Nc3 d6 4. d3 g6 5. g3 Bg7 6. Bg2 O-O 7. O-O e5 8. Rb1 h6
9. Qc2 a5 10. a3 g5 11. e3 Nc6 12. b4 axb4 13. axb4 f4 14. b5 Ne7 15. exf4 exf4
16. gxf4 g4 17. Nh4 Nh5 18. Nd5 Nf5 19. Nxf5 Bxf5 20. Re1 Re8 21. Rxe8+ Qxe8
22. Be3 Ra3 23. Rb3 Ra1+ 24. Rb1 1/2-1/2

[Event "7. Bayerische Meisterschaft 2003"]
[Site "Bad Wiessee"]
[Date "2003.11.11"]
[Round "4"]
[White "Breder, Dennis"]
[Black "Rozentalis, Eduardas"]
[Result "1/2-1/2"]
[WhiteElo "2458"]
[BlackElo "2633"]
[PlyCount "27"]
[EventDate "2003.11.08"]

1. d4 Nf6 2. c4 e6 3. Nc3 Bb4 4. Qc2 O-O 5. a3 Bxc3+ 6. Qxc3 d6 7. Bg5 Nbd7 8.
f3 e5 9. e3 h6 10. Bh4 exd4 11. Qxd4 Re8 12. Rd1 b6 13. Ne2 Bb7 14. Nc3 1/2-1/2

[Event "7. Bayerische Meisterschaft 2003"]
[Site "Bad Wiessee"]
[Date "2003.11.11"]
[Round "4"]
[White "Khenkin, Igor"]
[Black "Mainka, Romuald"]
[Result "1-0"]
[WhiteElo "2627"]
[BlackElo "2459"]
[PlyCount "95"]
[EventDate "2003.11.08"]

1. d4 d5 2. c4 dxc4 3. Nf3 c5 4. d5 e6 5. Nc3 exd5 6. Qxd5 Qxd5 7. Nxd5 Bd6 8.
Nd2 Nc6 9. Nxc4 Bb8 10. e4 Nd4 11. Bd3 Ne7 12. Be3 Be6 13. Nxe7 {Diagramm #}
13... Bxc4 14. Bxd4 Bxd3 15. Bxc5 Be5 16. Rd1 Bc4 17. f4 Bxf4 18. Nf5 Rg8 19.
b3 Ba6 20. Kf2 Rc8 21. Rd5 g6 22. Kf3 Bb8 23. Re1 b6 {Diagramm #} 24. Ne7 Rxc5
25. Nxg8 Rc3+ 26. Re3 Rc1 27. g3 Rc2 28. h4 h5 29. g4 hxg4+ 30. Kxg4 Bc8+ 31.
Kg5 Rf2 32. e5 Be6 33. Rd4 Rf5+ 34. Kh6 {Diagramm #} 34... Rxe5 35. Rxe5 Bxe5
36. Re4 Bc3 {Diagramm #} 37. Rxe6+ fxe6 38. Kxg6 e5 39. Nf6+ Kf8 40. h5 Bd2 41.
Nd7+ Ke7 42. Nxe5 Ke6 43. Nf3 Bc3 44. Ng5+ Ke7 45. Ne4 Bd4 46. a4 a6 47. h6 Ke6
48. h7 1-0

[Event "7. Bayerische Meisterschaft 2003"]
[Site "Bad Wiessee"]
[Date "2003.11.11"]
[Round "4"]
[White "Zysk, Robert"]
[Black "Sulskis, Sarunas"]
[Result "1/2-1/2"]
[WhiteElo "2448"]
[BlackElo "2586"]
[PlyCount "86"]
[EventDate "2003.11.08"]

1. Nf3 Nf6 2. d4 e6 3. c4 b6 4. Nc3 Bb4 5. e3 Ne4 6. Qc2 f5 7. Bd3 Bb7 8. O-O
Bxc3 9. bxc3 O-O 10. Ne1 c5 11. f3 Nd6 12. Ba3 Na6 13. Qe2 Qe7 14. e4 fxe4 15.
fxe4 Rxf1+ 16. Kxf1 e5 17. d5 Nc7 18. Kg1 Rf8 19. Bc1 Ba6 20. Nf3 h6 21. Be3
Nce8 22. Bf2 g5 23. a4 Nb7 24. h4 g4 25. Nh2 h5 26. Nf1 Ng7 27. Nd2 Na5 28. g3
d6 29. Be3 Bc8 30. Bg5 Qe8 31. Bc2 Kh7 32. Rf1 Bd7 33. Rxf8 Qxf8 34. Qe3 Ne8
35. Bd1 Nf6 36. Qf2 Kg7 37. Qe3 Kg6 38. Qf2 Qf7 39. Bc2 Nh7 40. Qxf7+ Kxf7 41.
Bh6 Kg6 42. Be3 Nf6 43. Kf2 Kg7 1/2-1/2